Logo BPK

Biblioteka

Politechniki Koszalińskiej

Gartside's model business letters and other business documents / (Rekord nr 34030)

Szczegóły MARC
000 -ETYKIETA REKORDU
podpole kontrolne o stałej długości 00821nam a2200277 i 4500
001 - NUMER KONTROLNY REKORDU
pole kontrolne bg
020 ## - MIĘDZYNARODOWY ZNORMALIZOWANY NUMER KSIĄŻKI - ISBN
ISBN 0273633082
040 ## - ŹRÓDŁO KATALOGOWANIA
Instytucja, która utworzyła rekord BPK
041 0# - KOD JĘZYKA
Kod języka tekstu en
080 ## - UNIWERSALNA KLASYFIKACJA DZIESIĘTNA - UKD
UKD 658.1/.5.012.4:651.7](083)
920 ## - Międzynarodowy znormalizowany numer książki – ISBN
ISBN 0-273-63308-2
008 - POLE O STAŁEJ DŁUGOŚCI - DANE KONTROLNE
podpole kontrolne o stałej długości s pl f |000 0 pol
100 1# - NAZWA OSOBOWA
Nazwa osobowa TAYLOR, Shirley
245 10 - TYTUŁ/ODPOWIEDZIALNOŚĆ
Tytuł Gartside's model business letters and other business documents /
Pozostałe elementy strefy tytułu i oznaczenia odpowiedzialności Shirley Taylor, Leonard Gartside.
250 ## - STREFA WYDANIA
Oznaczenie wydania 5th ed.
260 ## - STREFA ADRESU WYDAWNICZEGO
Miejsce wydania London [etc.] :
Nazwa wydawcy/dystrybutora Financial Times :
-- Pitman,
Data publikacji, dystrybucji/powstania dokumentu 1998.
300 ## - STREFA OPISU FIZYCZNEGO
Objętość XII, 388 s. :
Inne cechy fizyczne rys. ;
Rozmiary 24 cm.
650 #9 - HASŁO PRZEDMIOTOWE W FORMIE NAZWY OGÓLNEJ LUB JEDNOSTKOWEJ
Nazwa ogólna lub geograficzna Korespondencja urzędowa
650 #9 - HASŁO PRZEDMIOTOWE W FORMIE NAZWY OGÓLNEJ LUB JEDNOSTKOWEJ
Nazwa ogólna lub geograficzna Korespondencja handlowa
650 #9 - HASŁO PRZEDMIOTOWE W FORMIE NAZWY OGÓLNEJ LUB JEDNOSTKOWEJ
Nazwa ogólna lub geograficzna Formularze i druki
650 #9 - HASŁO PRZEDMIOTOWE W FORMIE NAZWY OGÓLNEJ LUB JEDNOSTKOWEJ
Nazwa ogólna lub geograficzna Przedsiębiorstwo
Określnik ogólny organizacja
655 ## - TERMIN INDEKSOWY - OKREŚLENIE RODZAJU/FORMY DOKUMENTU
Określenie rodzaju/formy dokumentu Poradniki
655 ## - TERMIN INDEKSOWY - OKREŚLENIE RODZAJU/FORMY DOKUMENTU
Określenie rodzaju/formy dokumentu Tablice i wzory
700 1# - HASŁO DODATKOWE - NAZWA OSOBOWA
Nazwa osobowa GARTSIDE, Leonard
942 ## - DODATKOWE ELEMENTY (KOHA)
Typ dokumentu Książka
Egzemplarze
Wycofany Status egzemplarza Uszkodzony Dostępność Lokalizacja stała Lokalizacja bieżąca Miejsce przechowywania Sygnatura Kod kreskowy Typ dokumentu
      Tylko na miejscu Biblioteka Politechniki Koszalińskiej Biblioteka Politechniki Koszalińskiej Czytelnia Wydziałowa ul. Kwiatkowskiego 6e 46340 01386929 Książka
© 2023 Biblioteka Politechniki Koszalińskiej :: KOHA